| 000 | 01132nam a2200289Ii 4500 | ||
|---|---|---|---|
| 001 | 53966518 | ||
| 003 | OCoLC | ||
| 005 | 20250228075125.0 | ||
| 008 | 031230s2002 sp 000 0 spa d | ||
| 020 | _a846630164X (pbk.) | ||
| 040 |
_aCOV _beng _erda _cCOV |
||
| 090 |
_aPQ8180.32.A4277 _bV57 2002 |
||
| 100 | 1 |
_aVallejo, Fernando. _0https://id.loc.gov/authorities/names/n84145289. |
|
| 245 | 1 | 3 |
_aLa virgen de los Sicarios / _cFernando Vallejo. |
| 250 | _a5. ed. | ||
| 264 | 1 |
_aMadrid : _bSuma de Letras ; _aOttowa, Ontario : _bGirol Spanish Books, _c2002. |
|
| 300 |
_a174 pages ; _c18 cm. |
||
| 336 |
_atext _btxt _2rdacontent. |
||
| 337 |
_aunmediated _bn _2rdamedia. |
||
| 338 |
_avolume _bnc _2rdacarrier. |
||
| 490 | 1 |
_aPunto de lectura ; _v117. |
|
| 650 | 0 |
_aAssassins _0https://id.loc.gov/authorities/subjects/sh85008752 _zColumbia _vFiction. |
|
| 651 | 0 |
_aMedell©Ưn (Colombia) _0https://id.loc.gov/authorities/names/n79125863 _vFiction. _0https://id.loc.gov/authorities/subjects/sh99001562. |
|
| 830 | 0 |
_aPunto de lectura ; _0https://id.loc.gov/authorities/names/no2001083023 _v117. |
|
| 907 | _a.b156005530 | ||
| 942 | _cBK | ||
| 999 |
_c30578 _d30576 |
||